Statystyki dla Najwięcej występów w portugalskiej rep. piłki nożnej

Kliknij tutaj aby rozwiązać quiz!

Ogólne statystyki

  • Ten quiz został rozwiązany 418 razy
  • Średni wynik to 4 z 10

Statystyki odpowiedzi

Lp.ZawodnikNajwięcej występów% Poprawnych
1.Cristiano Ronaldo158
98%
6.Pepe106
73%
2.Luis Figo127
71%
4.Nani112
47%
8.Rui Costa94
37%
9.Ricardo Carvalho89
27%
3.Joao Moutinho116
20%
7.Bruno Alves96
20%
10.Pedro Pauleta88
13%
5.Fernando Couto110
2%

Rozkład punktacji

Percentyl według liczby udzielonych odpowiedzi

Procent ludzi z każdym wynikiem

Twoja historia wyników

Nie rozwiązałeś tego quizu